[Event "IOM-ch"]
[Site "Douglas"]
[Date "2021.12.04"]
[Round "2"]
[White "Dobson, Howard EJ"]
[Black "Gumireddy, Sanjay Savio"]
[Result "1-0"]
[WhiteElo "1648"]
[BlackElo "1860"]
[PlyCount "54"]
[EventDate "2021.12.03"]
[EventType "swiss"]
[EventRounds "6"]
[EventCountry "IOM"]
[SourceTitle "EXT 2023"]
[Source "ChessBase"]
[SourceDate "2022.10.05"]
[SourceVersion "1"]
[SourceVersionDate "2022.10.05"]
[SourceQuality "1"]

1. e4 e5 2. Nf3 Nf6 3. Nxe5 Nc6 4. Nxc6 dxc6 5. d3 Bc5 6. Be2 h5 7. 0-0 Qd6 8. Nd2 Bg4 9. Nc4 Qe7 10. Bg5 b5 11. Ne3 Qe5 12. Bxf6 gxf6 13. Bxg4 hxg4 14. Nxg4 Qg5 15. Qf3 Bd6 16. h3 Bf4 17. e5 0-0-0 18. exf6 Rdg8 19. Rfe1 Re8 20. Qxc6 Rd8 21. Qa8+ Kd7 22. Re7+ Kd6 23. Qxa7 Kc6 24. Qa6+ Kc5 25. b4+ Kxb4 26. Re4+ Kc3 27. Qa3+ Kd2 1-0

[Event "Isle of Man Minor"]
[Site "Isle of Man"]
[Date "2019.10.14"]
[Round "3"]
[White "Dobson, Howard EJ"]
[Black "Apps, Ian"]
[Result "1-0"]
[WhiteElo "1676"]
[BlackElo "1314"]
[PlyCount "53"]
[EventDate "2019.10.12"]
[EventType "swiss"]
[EventRounds "7"]
[EventCountry "ENG"]
[SourceTitle "EXT 2025"]
[Source "ChessBase"]
[SourceDate "2024.10.14"]
[SourceVersion "1"]
[SourceVersionDate "2024.10.14"]
[SourceQuality "1"]

1. e4 d5 2. exd5 Qxd5 3. Nc3 Qa5 4. d4 e6 5. Nf3 c6 6. Bd3 Bd6 7. Bd2 Qc7 8. Ne4 Bf4 9. 0-0 Bxd2 10. Qxd2 Nd7 11. Qg5 g6 12. Rfe1 f6 13. Qe3 Nb6 14. c4 Bd7 15. Nc5 0-0-0 16. Nxe6 Bxe6 17. Qxe6+ Kb8 18. Rad1 Rd6 19. Qe3 Nc8 20. d5 Nge7 21. dxc6 Nxc6 22. a3 Rhd8 23. b4 Nb6 24. Qe2 Ne5 25. Nxe5 fxe5 26. c5 Rxd3 27. Rxd3 1-0

[Event "BCF-chT3N 1819 (4NCL)"]
[Site "England"]
[Date "2019.01.12"]
[Round "3.66"]
[White "Hilton, Tim"]
[Black "Dobson, Howard EJ"]
[Result "1-0"]
[WhiteElo "1960"]
[BlackElo "1610"]
[PlyCount "87"]
[EventDate "2018.11.10"]
[EventType "team-swiss"]
[EventRounds "11"]
[EventCountry "ENG"]
[SourceTitle "EXT 2021"]
[Source "ChessBase"]
[SourceDate "2020.10.23"]
[SourceVersion "1"]
[SourceVersionDate "2020.10.23"]
[SourceQuality "1"]
[WhiteTeam "Manchester Manticores II"]
[BlackTeam "Manx Liberty II"]
[WhiteTeamCountry "ENG"]
[BlackTeamCountry "ENG"]

1. d4 Nf6 2. Nf3 e6 3. Bf4 c5 4. c3 cxd4 5. cxd4 d5 6. e3 Qa5+ 7. Nbd2 Nc6 8. Bd3 Nh5 9. Bg5 h6 10. Bh4 g5 11. Bg3 Nxg3 12. hxg3 Bg7 13. a3 Bd7 14. b4 Qd8 15. b5 Na5 16. Ne5 Bxe5 17. dxe5 Qe7 18. Qa4 b6 19. Rc1 Rc8 20. Ke2 Rc5 21. Nf3 0-0 22. Rxc5 Qxc5 23. Rxh6 Nc4 24. Qc2 Nxa3 25. Bh7+ Kg7 26. Rg6+ Kh8 27. Qxc5 bxc5 28. Rh6 Kg7 29. Rh5 Bxb5+ 30. Kd1 Nc4 31. Bc2 Rh8 32. Rxg5+ Kf8 33. Nh4 a5 34. Kc1 a4 35. Bd3 a3 36. Bb1 Ke7 37. Ba2 Nb6 38. Rg7 Kf8 39. Rg5 c4 40. Kc2 Na4 41. f4 Ke7 42. f5 exf5 43. Nxf5+ Ke6 44. Nd4+ 1-0

[Event "Douglas IoM op-C"]
[Site "Douglas"]
[Date "2018.10.28"]
[Round "7"]
[White "Henderson Franklin, Matthew"]
[Black "Dobson, Howard EJ"]
[Result "0-1"]
[WhiteElo "1598"]
[BlackElo "1641"]
[PlyCount "50"]
[EventDate "2018.10.22"]
[EventType "swiss"]
[EventRounds "7"]
[EventCountry "IOM"]
[SourceTitle "CBM 187 Extra"]
[Source "ChessBase"]
[SourceDate "2018.11.04"]
[SourceVersion "1"]
[SourceVersionDate "2018.11.04"]
[SourceQuality "1"]

1. e4 c5 2. Nf3 Nc6 3. d4 cxd4 4. Nxd4 d6 5. Nc3 g6 6. Be3 Bg7 7. Qd2 Bd7 8. Be2 Rc8 9. f3 Na5 10. 0-0-0 Nc4 11. Bxc4 Rxc4 12. Nb3 b5 13. Qf2 Nf6 14. Bd4 0-0 15. e5 dxe5 16. Bxe5 Qc8 17. Nd5 Bh6+ 18. Kb1 Nxd5 19. Rxd5 Bf5 20. Nd4 Be6 21. Nxe6 Qxe6 22. Rxb5 Rfc8 23. Bc3 Qc6 24. Ra5 Rxc3 25. bxc3 Rb8+ 0-1

[Event "Douglas IoM op-C"]
[Site "Douglas"]
[Date "2018.10.26"]
[Round "5"]
[White "Bak, Steve"]
[Black "Dobson, Howard EJ"]
[Result "1/2-1/2"]
[WhiteElo "1322"]
[BlackElo "1641"]
[PlyCount "67"]
[EventDate "2018.10.22"]
[EventType "swiss"]
[EventRounds "7"]
[EventCountry "IOM"]
[SourceTitle "CBM 187 Extra"]
[Source "ChessBase"]
[SourceDate "2018.11.04"]
[SourceVersion "1"]
[SourceVersionDate "2018.11.04"]
[SourceQuality "1"]

1. e4 d5 2. exd5 Nf6 3. d4 Bg4 4. Be2 Bxe2 5. Qxe2 Qxd5 6. Nf3 e6 7. c4 Bb4+ 8. Bd2 Bxd2+ 9. Nbxd2 Qh5 10. Ne4 Qa5+ 11. Nc3 c6 12. 0-0 0-0 13. a3 Nbd7 14. b4 Qf5 15. Rfe1 b6 16. Ne5 Rac8 17. Rad1 Rfd8 18. f3 h5 19. Qf2 g5 20. h3 Nf8 21. g4 hxg4 22. hxg4 Qh7 23. Kg2 Ng6 24. Nxg6 Qxg6 25. Re5 Nd7 26. Re2 Kg7 27. Ne4 Rh8 28. Qe3 f6 29. Nd6 Qh6 30. Nf5+ exf5 31. Qe7+ Kg8 32. Qe6+ Kf8 33. Qd6+ Kg8 34. Qe6+ 1/2-1/2

[Event "Douglas IoM Minor op"]
[Site "Douglas"]
[Date "2017.09.28"]
[Round "4"]
[White "Harris, John2"]
[Black "Dobson, Howard EJ"]
[Result "0-1"]
[WhiteElo "1571"]
[BlackElo "1654"]
[PlyCount "90"]
[EventDate "2017.09.25"]
[EventType "swiss"]
[EventRounds "7"]
[EventCountry "IOM"]
[SourceTitle "EXT 2019"]
[Source "ChessBase"]
[SourceDate "2018.10.10"]
[SourceVersion "1"]
[SourceVersionDate "2018.10.10"]
[SourceQuality "1"]

1. e4 c5 2. Nf3 Nc6 3. g3 g6 4. Bg2 Bg7 5. 0-0 d6 6. d3 Nf6 7. Qe2 Bg4 8. c3 0-0 9. h3 Bxf3 10. Bxf3 Rc8 11. Na3 a6 12. Nc2 b5 13. Bg2 b4 14. c4 Qb6 15. f4 Nh5 16. Kh2 Nd4 17. Nxd4 Bxd4 18. f5 Be5 19. Bf4 Nxf4 20. gxf4 Bg7 21. fxg6 fxg6 22. h4 e6 23. h5 Qd8 24. Qg4 Qf6 25. hxg6 hxg6 26. Rf2 Kf7 27. Bh3 Rh8 28. Kg2 Rh4 29. Qf3 Rch8 30. Rh1 Ke7 31. e5 dxe5 32. Qb7+ Ke8 33. Qc8+ Ke7 34. Qxc5+ Ke8 35. Qc8+ Ke7 36. Qb7+ Ke8 37. Qc6+ Ke7 38. Qc7+ Ke8 39. Qb8+ Ke7 40. Qb7+ Ke8 41. Qa8+ Ke7 42. Qa7+ Ke8 43. fxe5 Qg5+ 44. Kf1 Qc1+ 45. Kg2 Rg4+ 0-1

[Event "Douglas IoM Major op"]
[Site "Douglas"]
[Date "2016.10.03"]
[Round "1"]
[White "Dobson, Howard EJ"]
[Black "Kent, Paul"]
[Result "0-1"]
[WhiteElo "1738"]
[BlackElo "1595"]
[PlyCount "136"]
[EventDate "2016.10.03"]
[EventType "swiss"]
[EventRounds "7"]
[EventCountry "IOM"]
[SourceTitle "EXT 2019"]
[Source "ChessBase"]
[SourceDate "2018.10.10"]
[SourceVersion "1"]
[SourceVersionDate "2018.10.10"]
[SourceQuality "1"]

1. e4 d5 2. exd5 Qxd5 3. Nc3 Qf5 4. d4 Nc6 5. Bd3 Qd7 6. Nf3 Nf6 7. 0-0 g6 8. Ne2 Bg7 9. c3 0-0 10. Re1 b6 11. Bb5 Qe8 12. d5 Bd7 13. dxc6 Bxc6 14. Bxc6 Qxc6 15. Ned4 Qb7 16. Rxe7 Rad8 17. h3 Nd5 18. Qe1 Nxe7 19. Qxe7 Rfe8 20. Qh4 c5 21. Bg5 Re4 22. Bf4 f6 23. Nc2 g5 24. Nxg5 fxg5 25. Qxg5 Rd5 26. Qg3 Qf7 27. Ne3 Rd3 28. Bh6 Qg6 29. Qxg6 hxg6 30. Bxg7 Kxg7 31. Rc1 Rd2 32. b3 Rxa2 33. Rd1 Kf7 34. Rd7+ Re7 35. Rd3 Ra1+ 36. Kh2 Ra3 37. c4 Rxe3 38. Rxe3 a5 39. g4 a4 40. bxa4 Rxa4 41. Rc3 Ke6 42. f4 Rb4 43. Kg3 b5 44. cxb5 Rxb5 45. Kh4 Kf6 46. Ra3 Rb6 47. Rc3 Rb5 48. Kg3 Ke6 49. h4 Kd5 50. h5 gxh5 51. gxh5 Kd4 52. Rc1 c4 53. Rd1+ Ke4 54. Kg4 c3 55. Rd7 Rc5 56. Re7+ Kd3 57. Rd7+ Ke2 58. Re7+ Kf2 59. Ra7 c2 60. Ra2 Ke3 61. Ra3+ Ke4 62. Ra4+ Kd5 63. Ra1 c1Q 64. Rxc1 Rxc1 65. h6 Ke6 66. Kg5 Kf7 67. f5 Rg1+ 68. Kh5 Kf6 0-1

[Event "BCF-chT3Nb 1516 (4NCL)"]
[Site "England"]
[Date "2015.11.15"]
[Round "2.108"]
[White "Dobson, Howard EJ"]
[Black "Collins, Richard Arnold"]
[Result "1/2-1/2"]
[WhiteElo "1802"]
[BlackElo "1953"]
[PlyCount "34"]
[EventDate "2015.11.14"]
[EventType "team-swiss"]
[EventRounds "7"]
[EventCountry "ENG"]
[SourceTitle "CBM 169 Extra"]
[Source "ChessBase"]
[SourceDate "2015.12.18"]
[SourceVersion "1"]
[SourceVersionDate "2015.12.18"]
[SourceQuality "1"]
[WhiteTeam "Manx Ravens"]
[BlackTeam "Manchester Manticores II"]
[WhiteTeamCountry "ENG"]
[BlackTeamCountry "ENG"]

1. d4 Nf6 2. Nf3 g6 3. b3 Bg7 4. Bb2 0-0 5. Nbd2 d6 6. g3 b6 7. Bg2 Bb7 8. 0-0 Nbd7 9. c4 e6 10. Qc2 c5 11. e4 Qc7 12. d5 exd5 13. exd5 Rfe8 14. Rfe1 Rxe1+ 15. Rxe1 Re8 16. Rxe8+ Nxe8 17. Bxg7 Nxg7 1/2-1/2

[Event "BCF-chT3Nb 1516 (4NCL)"]
[Site "England"]
[Date "2015.11.14"]
[Round "1.118"]
[White "Grzybowski, Karol"]
[Black "Dobson, Howard EJ"]
[Result "0-1"]
[WhiteElo "1742"]
[BlackElo "1802"]
[PlyCount "94"]
[EventDate "2015.11.14"]
[EventType "team-swiss"]
[EventRounds "7"]
[EventCountry "ENG"]
[SourceTitle "CBM 169 Extra"]
[Source "ChessBase"]
[SourceDate "2015.12.18"]
[SourceVersion "1"]
[SourceVersionDate "2015.12.18"]
[SourceQuality "1"]
[WhiteTeam "Cheddleton III"]
[BlackTeam "Manx Ravens"]
[WhiteTeamCountry "ENG"]
[BlackTeamCountry "ENG"]

1. c4 Nf6 2. Nc3 c5 3. e3 Nc6 4. a3 g6 5. Nf3 Bg7 6. Be2 0-0 7. d4 cxd4 8. exd4 d5 9. c5 Ne4 10. Qb3 Nxd4 11. Nxd4 Bxd4 12. Nxe4 dxe4 13. Bh6 Qa5+ 14. Bd2 Qxc5 15. 0-0 Be6 16. Qxb7 e3 17. Bb4 exf2+ 18. Kh1 Qe5 19. Bf3 Rac8 20. Bc3 Bxc3 21. bxc3 Qxc3 22. Qxa7 Bc4 23. Qxf2 Bxf1 24. Qxf1 Rc7 25. h3 Rfc8 26. a4 Qxa1 27. Qxa1 Rc1+ 28. Qxc1 Rxc1+ 29. Kh2 Ra1 30. Bc6 e5 31. Kg3 f5 32. Kf3 Ra3+ 33. Kf2 Kf8 34. g3 Ke7 35. h4 h6 36. Kg2 g5 37. Kf2 f4 38. gxf4 exf4 39. hxg5 hxg5 40. Kg2 Kf6 41. Kf2 Ke5 42. Ke2 Kd4 43. Kf2 g4 44. Bd7 Ra2+ 45. Kf1 g3 46. Bc6 Ke3 47. a5 f3 0-1